Music Quiz

Random Music or Song Quiz

Name All Mcfly Songs/Covers Quiz Stats

 Plays Quiz not verified by Sporcle

Challenge
Share
Tweet
Embed
Score 0/103 Timer 05:00
0 Plays Today
Hint Answer % Correct
2004Five Colours In Her Hair
85.3%
2004Obviously
73.7%
2004Room On The 3rd Floor
72.4%
2005All About You
70.5%
2006Star Girl
70.5%
2004That Girl
69.2%
2008Lies
68.6%
2012Love Is Easy
67.9%
2010Party Girl
65.4%
2006Transylvania
63.5%
2008One For The Radio
60.3%
2004Broccoli
59%
2006Friday Night
57.1%
2013Love Is On The Radio
55.1%
2010Shine A Light
55.1%
2005I'll Be Ok
54.5%
2004Saturday Nite
54.5%
2008The End
53.2%
2007The Heart Never Lies
52.6%
2008POV
50.6%
2005I've Got You
49.4%
2010That's The Truth
49.4%
2005The Ballad Of Paul K
47.4%
2004Down By The Lake
47.4%
2004Met This Girl
46.8%
2004Not Alone
46.8%
2005Too Close For Comfort
46.8%
2005Ultraviolet
46.2%
2006Bubblewrap
45.5%
2006Please, Please
44.9%
2006Don't Stop Me Now
44.9%
2008Do Ya
44.2%
2005She Falls Asleep Part One
44.2%
2008Corrupted
43.6%
2005She Falls Asleep Part Two
43.6%
Hint Answer % Correct
2005Memory Lane
42.3%
2004Hypnotised
41.7%
2004Surfer Babe
41.7%
2005Nothing
40.4%
2008Smile
40.4%
2012Cherry Cola
39.7%
2006Walk In The Sun
39.7%
2010End Of The World
39.1%
2006Sorry's Not Good Enough
37.8%
2008Falling In Love
37.2%
2008Going Through The Motions
37.2%
2005I Wanna Hold You
37.2%
2007Baby's Coming Back
37.2%
2006We Are The Young
37.2%
2006Little Joanna
35.9%
2008The Last Song
35.3%
2004/2012Lola
34.2%
2010I'll Be Your Man
34%
2006Silence Is A Scary Sound
33.3%
2010Nowhere Left To Run
31.4%
2007Umbrella
31.4%
2014Red
30.8%
2004She Left Me
30.1%
2004Unsaid Things
30.1%
2010I Need A Woman
29.5%
2010Foolish
28.8%
2010iF U C Kate
28.2%
2006Lonely
27.6%
2006Rockin' Robin
26.3%
2010Sunny Side Of The Street
25.6%
2004Help!
25%
2005Don't Know Why
24.4%
2006Home Is Where The Heart Is
24.4%
2006Just My Luck
23.1%
2005I Predict A Riot
23.1%
Hint Answer % Correct
2008Everybody Knows
22.4%
2005Mr Brightside
21.8%
2008Down Goes Another One
21.2%
2005You've Got A Friend
21.2%
2008I Kissed A Girl
20.5%
2005Pinball Wizard
20.5%
2012Down Down
19.2%
2010This Song
19.2%
2013McFly The Musical
18.3%
2004The Guy Who Turned Her Down
17.9%
2010Hotel On A Hill
17.3%
2005No Worries
17.3%
2008Only The Strong Survive
16.7%
2008-2009Black or White
15.4%
2008Winner Takes It All
15.4%
2006Deck The Halls
14.1%
2004Get Over You
13.5%
2007Ignorance
12.2%
2010Take Me There
12.2%
2007A Town Called Malice
12.2%
2007Sofa, Hyundai, Administration
10.3%
2005Easy Way Out
9.6%
2008Stay With Me
7.7%
2010Dynamite
7.1%
2004She Loves You
7.1%
2012Do Whatcha
6.4%
2007Don't Wake Me Up
6.4%
2007Fight For Your Right
6.4%
2007Santa Claus Is Coming To Town
6.4%
2007The Way You Make Me Feel
4.5%
2004Crazy Little Thing Called Love
3.8%
2009I Gotta Feeling
1.3%
2007You're The One That I Want
0.6%

You're not logged in!

Compare scores with friends on all Sporcle quizzes.
Join for Free
OR
Log In

You Might Also Like...

Show Comments

Extras

Top Quizzes Today


Score Distribution

Your Account Isn't Verified!

In order to create a playlist on Sporcle, you need to verify the email address you used during registration. Go to your Sporcle Settings to finish the process.

Report this User

Report this user for behavior that violates our Community Guidelines.

Details: